Normal view
MARC view
Entry Topical Term
001 - CONTROL NUMBER
- control field: 14815
003 - CONTROL NUMBER IDENTIFIER
- control field: OSt
005 - DATE AND TIME OF LATEST TRANSACTION
- control field: 20211105133838.0
008 - FIXED-LENGTH DATA ELEMENTS
- fixed length control field: 211105|| aca||aabn | a|a d
040 ## - CATALOGING SOURCE
- Original cataloging agency: OSt
- Transcribing agency: OSt
150 ## - HEADING--TOPICAL TERM
- Topical term or geographic name entry element: Reinforced Concretes
670 ## - SOURCE DATA FOUND
- Source citation: Work cat.: (OSt): Indian Standards Institution, Explanatory Handbook on Indian Standard Code of PLractice for Plain and Reinforced Concrete : Is : 456-1978, 1984